Countries That Have 3 A’s In Their Name - Statistics

General Stats
  • This quiz has been taken 47 times
  • The average score is 15 of 25
Answer Stats
Countries % Correct
Afghanistan
83%
Australia
83%
United States of America
83%
Canada
79%
United Arab Emirates
79%
Panama
74%
Kazakhstan
71%
Bahamas
69%
Azerbaijan
67%
Central African Republic
67%
Albania
60%
Malaysia
60%
Guatemala
57%
Paraguay
57%
Papua New Guinea
50%
Equatorial Guinea
48%
Jamaica
48%
Nicaragua
48%
Tanzania
48%
Mauritania
45%
Marshall Islands
43%
Micronesia
40%
Trinidad and Tobago
40%
Bosnia and Herzegovina
38%
Saint Vincent and the Grenadies
17%
No matching quizzes found
Score Distribution
Percent of People with Each Score
Percentile by Number Answered
Your Score History
You have not taken this quiz